Sex knowledge / (Record no. 126678)

MARC details
000 -LEADER
fixed length control field 00665nam a22002417a 4500
005 - DATE AND TIME OF LATEST TRANSACTION
control field 20170124110013.0
010 ## - LIBRARY OF CONGRESS CONTROL NUMBER
LC control number A-459754
020 ## - INTERNATIONAL STANDARD BOOK NUMBER
Terms of availability 195.00
International Standard Book Number 818514835
035 ## - SYSTEM CONTROL NUMBER
System control number A-459754
037 ## - SOURCE OF ACQUISITION
Source of stock number/acquisition Cen Lib/ Ret
040 ## - CATALOGING SOURCE
Original cataloging agency DPL
Language of cataloging EN
082 ## - DEWEY DECIMAL CLASSIFICATION NUMBER
Classification number 370.19345
Item number UDA
100 ## - MAIN ENTRY--PERSONAL NAME
Personal name Uday Shankar
9 (RLIN) 16103
245 ## - TITLE STATEMENT
Title Sex knowledge /
Statement of responsibility, etc by Uday Shankar
260 ## - PUBLICATION, DISTRIBUTION, ETC. (IMPRINT)
Place of publication, distribution, etc New Delhi
Name of publisher, distributor, etc Enkay publishers
Date of publication, distribution, etc 1991
270 ## - ADDRESS
City New Delhi
Address C4/155, Yamuna vihar
Postal code 110053
300 ## - PHYSICAL DESCRIPTION
Extent 233p.
Dimensions 20cm(Hb)
500 ## - GENERAL NOTE
General note Includes index
650 ## - SUBJECT ADDED ENTRY--TOPICAL TERM
Topical term or geographic name as entry element Education
9 (RLIN) 1169
650 ## - SUBJECT ADDED ENTRY--TOPICAL TERM
Topical term or geographic name as entry element Sex education
9 (RLIN) 18155
700 ## - ADDED ENTRY--PERSONAL NAME
9 (RLIN) 18106
942 ## - ADDED ENTRY ELEMENTS (KOHA)
Source of classification or shelving scheme Dewey Decimal Classification
Koha item type English Books
Classification part 370.19345
Call number suffix UDA
Holdings
Withdrawn status Lost status Damaged status Not for loan Home library Current library Date acquired Source of acquisition Cost, normal purchase price Total Checkouts Full call number Barcode Date last seen Copy number Cost, replacement price Price effective from Koha item type Public note
Written off       Central Library Central Library 26/06/2015 Cen Lib/Ret 195.00   370.19345 UDA A-459754 26/06/2015 1 195.00 26/06/2015 English Books W/d List No. 6886/11 ; dtd 07/09/2020

© Delhi Public Library
Hit Counter
free hit counter